Middlemarch : (Registro nro. 8626)

Detalles MARC
000 -LIDER
fixed length control field 00859nam a22002777a 4500
001 - NÚMERO DE CONTROL
Identificador de número de control 5820
003 - IDENTIFICACDOR DE NÚMERO DE CONTROL
control field DO-SdBNP
005 - DATE AND TIME OF LATEST TRANSACTION
control field 20231011124334.0
007 - CAMPOS FIJOS DE DESCRIPCIÓN FÍSICA
fixed length control field 5820
008 - ELEMENTOS DE LONGITUD FIJA
fixed length control field 931122s1993 sp | |||| ||spa
020 ## - ISBN
International Standard Book Number 8437611954
040 ## - FUENTE DE CATALOGACIÓN
Agencia que crea de manera original el registro BPMSU
Idioma de catalogación spa
Agencia que realiza la transcripción BPMSU
082 #4 - NÚMERO DE CLASIFICACIÓN DECIMAL DE DEWEY
Classification number 823.88
Item number E42M 1993
Edition number 22
100 1# - ASIENTO PRINCIPAL -- NOMBRE PERSONAL
Nombre personal Eliot, George
Fechas asociadas con el nombre 1819-1880
245 10 - MENCIÓN DE TITULO
Título Middlemarch :
Subtítulo un estudio de la vida de provincias /
Mención de responsabilidad George Eliot ; edición de Pilar Hidalgo ; traducción de Mª Engracia Pujals
246 13 - VARIACION DEL TÍTULO
Título propiamente dicho o título corto Middlemarch
260 ## - PUBLICACIÓN, DISTRIBUCIÓN, ETC. (PIE DE IMPRENTA)
Lugar de publicación, distribución, etc Madrid :
Nombre del editor, distribuidor, etc. Ediciones Cátedra,
Fecha de publicación, distribución, etc 1993
300 ## - DESCRIPCIÓN FÍSICA
Extensión 954 p. ;
Dimensiones 20 cm
Otros detalles físicos
490 0# - MENCIÓN DE SERIES
Mención de serie Letras universales,
Volume/sequential designation 191
590 ## - NOTA LOCAL
Texto de la nota local Inventariado, 2023/VM
650 #4 - ENCABEZAMIENTO DE MATERIA--TEMÁTICO
Término temático o nombre geográfico como elemento de entrada Novela inglesa.
700 1# - ASIENTO SECUNDARIO -- NOMBRE PERSONAL
Nombre personal Hidalgo, Pilar
Mención de responsabilidad ed
Fechas asociadas con el nombre
700 1# - ASIENTO SECUNDARIO -- NOMBRE PERSONAL
Nombre personal Pujals, María Engracia
Mención de responsabilidad tr.
910 ## - VALIDACIÓN
Validación VMateo V. Control de calidad. BPMSU
942 ## - ADDED ENTRY ELEMENTS (KOHA)
Source of classification or shelving scheme Dewey Decimal Classification
Koha item type Libros
Existencias
Withdrawn status Lost status Source of classification or shelving scheme Damaged status Not for loan Collection code Home library Current library Date acquired Source of acquisition Total Checkouts Full call number Barcode Date last seen Price effective from Koha item type Copy number
    Dewey Decimal Classification     Colección General Biblioteca Pública Metropolitana Salomé Ureña Biblioteca Pública Metropolitana Salomé Ureña 11/10/2015 Fundación Educativa y Cultural   BPMSU CG 823.88 E42M 1993 BPMSU18010083 11/10/2015 11/10/2015 Libros  
    Dewey Decimal Classification     Colección General Biblioteca Pública Metropolitana Salomé Ureña Biblioteca Pública Metropolitana Salomé Ureña 11/10/2015 Fundación Educativa y Cultural   BPMSU CG 823.88 E42M 1993 BPMSU15110169 11/10/2015 11/10/2015 Libros e.2